00618cam a22002411 4500001001300000003000400013005001700017008004100034010001700075035002000092040001800112042001200130050001600142100002700158245002800185260001100213300002600224440004300250500002800293500001700321650002100338999001700359sa 66000880 DLC20260227112218.0900216s1964 ii 000 0 sano  asa 66000880  a(OCoLC)21073608 aDLCcWaUdDLC apremarc00aPK3595b.A91 aAvasthi, Krishnakumar.10aNibanha-prākaśaḥ. c[1964] a 4, 2, 132 p.c18 cm. 0aVidyabhawan Sanskrit granthamala,v117 aAdded t. p. in English. aIn Sanskrit. 0aSanskrit essays. c67475d67475